000 00328nam a22001457a 4500
008 230719b ||||| |||| 00| 0 eng d
020 _a978081763262
041 _aeng
080 _a159.9
082 _a159.9MON
100 _a25
101 _aPSI
245 _aRIEMANN TOPOLOGY AND PHYSICS
_cMONASTYRSKY .M
942 _2udc
_cBK
999 _c60167
_d60167